00376nam a2200133 a 4500008004100000020001500041050001700056245005000073260004400123300002200167350000900189650002200198650002200220110926s1994 ||||||||||||||||| || u a0316630039 aRC 900.5 Ger00aGeriatric urologycedited by Pat D. O'Donnell aBostonbLittle, Brown and Companyc1994 axvii, 516p.: ill. a0.00 aUROLOGIC DISEASES aGERIATRIC UROLOGY